東京の下町
Đã lưu trong:
| Tác giả chính: | |
|---|---|
| Định dạng: | Sách |
| Được phát hành: |
文芸春秋
1985
|
| Các nhãn: |
Thêm thẻ
Không có thẻ, Là người đầu tiên thẻ bản ghi này!
|
| Thư viện lưu trữ: | Mạng thư viện Đại học Đà Nẵng |
|---|
| LEADER | 00537nam a2200229 a 4500 | ||
|---|---|---|---|
| 001 | 000029051 | ||
| 003 | 15592 | ||
| 005 | 20171030145630.0 | ||
| 008 | 171030s1985 | ||
| 040 | |a LTT | ||
| 082 | 0 | |a 306.09 |b YO-A | |
| 100 | 1 | |a 吉村 昭 (Yoshimura Akira) | |
| 245 | 0 | 0 | |a 東京の下町 |c 吉村 昭. |
| 260 | |b 文芸春秋 |c 1985 | ||
| 500 | |a SAIKA | ||
| OWN | |a LTT | ||
| 999 | |a From the UDN01 | ||
| TYP | |a Monograph | ||
| TYP | |a Printed language | ||
| 980 | |a Mạng thư viện Đại học Đà Nẵng | ||